You'd better believe it!: (Record no. 5962)

MARC details
000 -LEADER
fixed length control field 00802cam a2200241 i 4500
001 - CONTROL NUMBER
control field 327638
003 - CONTROL NUMBER IDENTIFIER
control field GBCCL
005 - DATE AND TIME OF LATEST TRANSACTION
control field 20241126110553.0
008 - FIXED-LENGTH DATA ELEMENTS--GENERAL INFORMATION
fixed length control field 760331s1975 mou 000 0 eng
010 ## -
-- 75022608
020 ## - INTERNATIONAL STANDARD BOOK NUMBER
International Standard Book Number 0882438875 :
Terms of availability $1.25
040 ## - CATALOGING SOURCE
Original cataloging agency DLC
Transcribing agency DLC
Modifying agency DLC
050 10 -
-- BT77
-- .B334
082 00 - DEWEY DECIMAL CLASSIFICATION NUMBER
Classification number 248
Item number BAR
100 1# - MAIN ENTRY--PERSONAL NAME
Personal name Barney, Kenneth D.
9 (RLIN) 4938
245 10 - TITLE STATEMENT
Title You'd better believe it!:
Remainder of title A guide to basic Christian beliefs /
Statement of responsibility, etc. Kenneth D. Barney ; adapted from The fundamentals of the faith by Donald Johns.
260 ## - PUBLICATION, DISTRIBUTION, ETC.
Place of publication, distribution, etc. Springfield, Mo. :
Name of publisher, distributor, etc. Gospel Pub. House,
Date of publication, distribution, etc. c1975.
300 ## - PHYSICAL DESCRIPTION
Extent 126 p. ;
Dimensions 18 cm.
650 #0 - SUBJECT ADDED ENTRY--TOPICAL TERM
Topical term or geographic name entry element Christian life.
9 (RLIN) 183
700 1# - ADDED ENTRY--PERSONAL NAME
Personal name Johns, Donald.
Title of a work Fundamentals of the faith.
9 (RLIN) 10776
906 ## - LOCAL DATA ELEMENT F, LDF (RLIN)
a 7
b cbc
c orignew
d 2
e ocip
f 19
g y-gencatlg
942 ## - ADDED ENTRY ELEMENTS (KOHA)
Source of classification or shelving scheme Dewey Decimal Classification
Koha item type Books
Holdings
Withdrawn status Lost status Source of classification or shelving scheme Damaged status Not for loan Home library Current Library Shelving location Date acquired Total checkouts Full call number Barcode Date last seen Copy number Price effective from Koha item type
    Dewey Decimal Classification     GRACE BIBLE COLLEGE GRACE BIBLE COLLEGE Ministry & Mission 2018-04-18   248 BAR 008951 2025-05-01 c.1 2018-04-18 Books
© Grace Bible College Library 2025